[Event "CAN-ch"]
[Site "Montreal CAN"]
[Date "2017.06.27"]
[Round "2.11"]
[White "Marchand, Jacques"]
[Black "Itkin, David"]
[Result "0-1"]
[WhiteElo "1988"]
[BlackElo "2147"]
[WhiteFideId "-1"]
[WhiteFideId "-1"]
[PlyCount "72"]
[GameId "2160767908410845"]
[EventDate "2017.06.27"]
[EventType "swiss"]
[EventRounds "9"]
[EventCountry "CAN"]

1. e4 c5 2. Nc3 Nc6 3. f4 e6 4. Nf3 Nge7 5. d4 cxd4 6. Nxd4 Nxd4 7. Qxd4 Nc6 8. Qf2 d5 9. e5 Bb4 10. Bd2 O-O 11. Bd3 f5 12. Nb5 Be7 13. c3 Kh8 14. h4 g6 15. Be3 Qa5 16. Bc5 Bxc5 17. Qxc5 Bd7 18. Qe3 a6 19. Nd6 d4 20. Qd2 Nxe5 21. Nxb7 Qd5 22. fxe5 dxc3 23. bxc3 Qxb7 24. h5 Be8 25. Qh6 Rg8 26. Qg5 Qg7 27. Kd2 gxh5 28. Qxg7+ Rxg7 29. Rag1 a5 30. Bc4 Bf7 31. Be2 Rd8+ 32. Ke3 Rd5 33. Kf4 Rd2 34. Bf3 Be8 35. c4 Rd4+ 36. Ke3 Rxc4 0-1

[Event "CAN-ch"]
[Site "Montreal CAN"]
[Date "2017.06.27"]
[Round "2.13"]
[White "Gaisinsky, Adam"]
[Black "Masse, Hugues"]
[Result "1-0"]
[WhiteElo "1922"]
[BlackElo "2138"]
[WhiteFideId "-1"]
[WhiteFideId "-1"]
[PlyCount "117"]
[GameId "2160767908410846"]
[EventDate "2017.06.27"]
[EventType "swiss"]
[EventRounds "9"]
[EventCountry "CAN"]

1. e4 e5 2. Nf3 Nc6 3. Bb5 a6 4. Ba4 Nf6 5. O-O Be7 6. Re1 b5 7. Bb3 d6 8. c3 O-O 9. h3 Nb8 10. d4 Nbd7 11. Nbd2 Bb7 12. Bc2 Re8 13. Nf1 Bf8 14. Ng3 g6 15. Nh2 exd4 16. cxd4 c5 17. d5 Bg7 18. f4 c4 19. Be3 Rc8 20. Bd4 Bh6 21. Qf3 Bg7 22. Rad1 Qc7 23. Qc3 a5 24. a3 Rb8 25. b4 axb4 26. axb4 Qd8 27. Nf3 h5 28. f5 Nf8 29. fxg6 fxg6 30. Rf1 Qe7 31. Ng5 Nxd5 32. exd5 Bxd4+ 33. Qxd4 Qxg5 34. Ne4 Qe5 35. Nf6+ Kg7 36. Nxe8+ Rxe8 37. Qxe5+ Rxe5 38. Rfe1 Nd7 39. Rxe5 Nxe5 40. Kf2 Kf6 41. Ke3 Bc8 42. Rf1+ Ke7 43. Ra1 h4 44. Ra7+ Bd7 45. Ra6 g5 46. Ra7 Kd8 47. Ra8+ Ke7 48. Rg8 Kf6 49. Be4 Nf7 50. Kd4 Ne5 51. Bh7 g4 52. hxg4 Bxg4 53. Rb8 Bd7 54. Rb7 Be8 55. Rb6 Ke7 56. Bf5 Nf7 57. Bg6 Bd7 58. Bxf7 Kxf7 59. Rxd6 1-0

[Event "CAN-ch"]
[Site "Montreal CAN"]
[Date "2017.06.27"]
[Round "2.14"]
[White "Beaulieu, Eric"]
[Black "Durette, Francis"]
[Result "1-0"]
[WhiteElo "2124"]
[BlackElo "2028"]
[WhiteFideId "-1"]
[WhiteFideId "-1"]
[PlyCount "73"]
[GameId "2160767908410847"]
[EventDate "2017.06.27"]
[EventType "swiss"]
[EventRounds "9"]
[EventCountry "CAN"]

1. d4 Nf6 2. c4 g6 3. Nc3 Bg7 4. e4 d6 5. Be2 O-O 6. Nf3 e5 7. d5 Na6 8. O-O c6 9. Nd2 Nd7 10. Rb1 f5 11. dxc6 bxc6 12. exf5 gxf5 13. Nf3 Nf6 14. b4 Rb8 15. b5 cxb5 16. Rxb5 Bd7 17. Qxd6 Bxb5 18. Qe6+ Kh8 19. Nxb5 Nc7 20. Qxf5 Nxb5 21. cxb5 Nd5 22. Qh5 Qe8 23. Qh4 Qg6 24. Qg5 Nc3 25. Qe3 e4 26. Ng5 Rf4 27. Nh3 Rh4 28. Bc4 Rc8 29. Bb3 Qg4 30. Ng5 h6 31. Be6 Ne2+ 32. Kh1 Be5 33. h3 Rxc1 34. Rxc1 Qxg5 35. Rc8+ Kh7 36. Qxa7+ Qg7 37. Bf5# 1-0

[Event "CAN-ch"]
[Site "Montreal CAN"]
[Date "2017.06.28"]
[Round "3.5"]
[White "Yu, Zong Yang"]
[Black "Huang, Qiuyu"]
[Result "1/2-1/2"]
[WhiteElo "2393"]
[BlackElo "2034"]
[WhiteFideId "-1"]
[WhiteFideId "-1"]
[PlyCount "128"]
[GameId "2160767908410853"]
[EventDate "2017.06.27"]
[EventType "swiss"]
[EventRounds "9"]
[EventCountry "CAN"]

1. d4 d5 2. c4 e6 3. Nf3 Nf6 4. g3 Be7 5. Bg2 O-O 6. O-O c6 7. Qc2 b6 8. Nbd2 Nbd7 9. e4 Bb7 10. e5 Ne8 11. cxd5 exd5 12. b3 Nc7 13. Bb2 Ne6 14. Rfe1 Rc8 15. Rac1 c5 16. Qf5 Rc7 17. Nf1 Qc8 18. Ne3 Rd8 19. Qg4 Nb8 20. Nf5 Bf8 21. Nd6 Qd7 22. Bh3 Bc8 23. dxc5 bxc5 24. Rcd1 d4 25. Nxc8 Rcxc8 26. Nd2 Nc6 27. Nc4 Qc7 28. Bf1 Nb4 29. a3 Nd5 30. Rd3 Rb8 31. f4 g6 32. f5 Ng7 33. fxg6 hxg6 34. Bg2 Nf5 35. Bxd5 Rxd5 36. Bc1 Ng7 37. Bh6 Ne6 38. Bxf8 Rxf8 39. Qf3 Rfd8 40. Nd6 R8xd6 41. exd6 Qxd6 42. Rf1 f5 43. h4 a5 44. a4 Kg7 45. Re1 Re5 46. Rdd1 Re4 47. Kf2 Qe5 48. Re2 g5 49. Rde1 gxh4 50. Rxe4 Qxg3+ 51. Qxg3+ hxg3+ 52. Kxg3 fxe4 53. Rxe4 Kf6 54. Kg4 d3 55. Re3 d2 56. Rd3 Nd4 57. Rxd2 Nxb3 58. Re2 Nc1 59. Re3 c4 60. Kf4 Nd3+ 61. Kf3 Nb2 62. Ra3 Ke5 63. Ke3 c3 64. Rxc3 Nd1+ 1/2-1/2

[Event "CAN-ch"]
[Site "Montreal CAN"]
[Date "2017.06.28"]
[Round "3.7"]
[White "Itkin, David"]
[Black "Kleinman, Michael"]
[Result "1-0"]
[WhiteElo "2147"]
[BlackElo "2344"]
[WhiteFideId "-1"]
[WhiteFideId "-1"]
[PlyCount "75"]
[GameId "2160767908410855"]
[EventDate "2017.06.27"]
[EventType "swiss"]
[EventRounds "9"]
[EventCountry "CAN"]

1. e4 c5 2. Nf3 e6 3. Nc3 Nc6 4. d4 cxd4 5. Nxd4 Qc7 6. Be2 a6 7. O-O Nf6 8. Kh1 h5 9. f4 Nxd4 10. Qxd4 b5 11. Bf3 Bb7 12. e5 Ng4 13. Bxb7 Qxb7 14. f5 Rc8 15. Bg5 Bc5 16. Qd2 Nxe5 17. Rae1 Nc4 18. Qe2 Nxb2 19. fxe6 dxe6 20. Qe5 Bf8 21. Ne4 Nc4 22. Nf6+ gxf6 23. Qxf6 Rh7 24. Qf5 Rg7 25. Rxe6+ fxe6 26. Qxf8+ Kd7 27. Qxg7+ Kc6 28. Qg6 Qd7 29. Qxh5 Rg8 30. h4 Qd5 31. Qf7 e5 32. Qa7 Rxg5 33. hxg5 Qg8 34. Rf6+ Kd5 35. Qf7+ Qxf7 36. Rxf7 Nd6 37. g6 Ke6 38. Rf8 1-0

[Event "CAN-ch"]
[Site "Montreal CAN"]
[Date "2017.06.28"]
[Round "3.8"]
[White "Plotkin, Victor"]
[Black "Beaulieu, Eric"]
[Result "0-1"]
[WhiteElo "2265"]
[BlackElo "2124"]
[WhiteFideId "-1"]
[WhiteFideId "-1"]
[PlyCount "110"]
[GameId "2160767908410856"]
[EventDate "2017.06.27"]
[EventType "swiss"]
[EventRounds "9"]
[EventCountry "CAN"]

1. d4 Nf6 2. Nf3 e6 3. c4 d5 4. Nc3 Bb4 5. Qb3 Nc6 6. a3 Bxc3+ 7. Qxc3 Ne4 8. Qc2 e5 9. e3 Bf5 10. Bd3 exd4 11. exd4 O-O 12. O-O Re8 13. Re1 Bg6 14. Bf4 Qd7 15. Rad1 Nf6 16. Bxg6 hxg6 17. Ne5 Qe6 18. c5 Nxe5 19. Bxe5 Nd7 20. f3 c6 21. Qb1 Qf5 22. Qxf5 gxf5 23. Bf4 Nf8 24. Kf1 Ne6 25. Bd6 f6 26. Re2 Kf7 27. b4 a6 28. a4 Ng5 29. Rb2 Ne6 30. Kf2 g5 31. h3 f4 32. g3 fxg3+ 33. Bxg3 Rh8 34. Kg2 Rag8 35. Kh2 Rh6 36. Re2 Rgh8 37. Kg2 Rxh3 38. Rde1 Nxd4 39. Re7+ Kg6 40. Rxb7 Nf5 41. Bb8 g4 42. fxg4 Ne3+ 43. Kf2 Nxg4+ 44. Kg2 Ra3 45. Re6 Kf5 46. Re2 Ne3+ 47. Kf2 Nd1+ 48. Kf1 Rxa4 49. Bg3 d4 50. Rd2 Ne3+ 51. Ke2 Rg8 52. Bf2 Re8 53. Bxe3 dxe3 54. Rb2 Kf4 55. Rb6 Rh8 0-1

[Event "CAN-ch"]
[Site "Montreal CAN"]
[Date "2017.06.28"]
[Round "3.9"]
[White "Tomb, Maroun"]
[Black "Gaisinsky, Adam"]
[Result "1-0"]
[WhiteElo "2157"]
[BlackElo "1922"]
[WhiteFideId "-1"]
[WhiteFideId "-1"]
[PlyCount "65"]
[GameId "2160767908410857"]
[EventDate "2017.06.27"]
[EventType "swiss"]
[EventRounds "9"]
[EventCountry "CAN"]

1. e4 c6 2. Nc3 d5 3. Nf3 Bg4 4. h3 Bh5 5. g4 Bg6 6. exd5 cxd5 7. Bb5+ Nc6 8. Ne5 Rc8 9. d4 e6 10. h4 f6 11. Nxg6 hxg6 12. Qd3 Kf7 13. h5 Nge7 14. Be3 Qa5 15. a3 gxh5 16. gxh5 Nf5 17. Qd2 Bb4 18. Bd3 Nce7 19. Rb1 Bxc3 20. bxc3 Qxc3 21. Qxc3 Rxc3 22. Rxb7 Rxa3 23. Bxf5 exf5 24. Kd2 Rc8 25. Bf4 Ra2 26. Re1 Raxc2+ 27. Kd1 Kf8 28. Rexe7 R2c6 29. Rf7+ Kg8 30. Rxg7+ Kh8 31. Rh7+ Kg8 32. Rbg7+ Kf8 33. h6 1-0

[Event "CAN-ch"]
[Site "Montreal CAN"]
[Date "2017.06.28"]
[Round "3.10"]
[White "Ostaci, Liviu"]
[Black "Oussedik, Elias"]
[Result "0-1"]
[WhiteElo "1624"]
[BlackElo "2155"]
[WhiteFideId "-1"]
[WhiteFideId "-1"]
[PlyCount "102"]
[GameId "2160767908410858"]
[EventDate "2017.06.27"]
[EventType "swiss"]
[EventRounds "9"]
[EventCountry "CAN"]

1. e4 e6 2. d3 d5 3. Nd2 c5 4. Ngf3 Nc6 5. g3 Bd6 6. Bg2 Nge7 7. O-O O-O 8. Re1 Qc7 9. Nf1 Bd7 10. c3 d4 11. c4 f5 12. exf5 exf5 13. Ng5 Rf6 14. f4 a6 15. Bd2 Rb8 16. Rb1 h6 17. Nf3 Rff8 18. Kh1 b5 19. b3 bxc4 20. dxc4 Kh7 21. Qc2 Ng8 22. Re2 Rbe8 23. Rbe1 Nf6 24. Rxe8 Rxe8 25. Rxe8 Nxe8 26. Ne1 Nf6 27. Nd3 Ne7 28. Be1 Neg8 29. Nd2 g5 30. fxg5 hxg5 31. Nf3 Ne4 32. Qe2 Ngf6 33. Ng1 Bc6 34. Nh3 Qe7 35. Kg1 Kg6 36. Nhf2 Qb7 37. Bf1 Qb8 38. Nd1 Qc7 39. Bg2 Qb7 40. Bf1 Ng4 41. Bh3 Ngf6 42. Qf1 g4 43. Bg2 Ng5 44. Bxc6 Qxc6 45. Qg2 Qe4 46. N1b2 Qe3+ 47. Kf1 Nf3 48. Ba5 Ne4 49. Qc2 Ned2+ 50. Bxd2 Nxd2+ 51. Kg2 Qf3+ 0-1

[Event "CAN-ch"]
[Site "Montreal CAN"]
[Date "2017.06.28"]
[Round "3.11"]
[White "Sohal, Tanraj"]
[Black "Lecomte, Andre"]
[Result "1-0"]
[WhiteElo "2319"]
[BlackElo "1947"]
[WhiteFideId "-1"]
[WhiteFideId "-1"]
[PlyCount "63"]
[GameId "2160767908410859"]
[EventDate "2017.06.27"]
[EventType "swiss"]
[EventRounds "9"]
[EventCountry "CAN"]

1. d4 d5 2. c4 e6 3. Nf3 Nf6 4. g3 c6 5. Bg2 Nbd7 6. Nbd2 Be7 7. O-O O-O 8. Qc2 b6 9. e4 dxe4 10. Nxe4 Bb7 11. Rd1 Nxe4 12. Qxe4 Nf6 13. Qe2 Qc7 14. Bf4 Bd6 15. Ne5 Rfd8 16. c5 bxc5 17. dxc5 Bxe5 18. Bxe5 Qe7 19. Bd6 Qe8 20. Rac1 a5 21. Qe5 a4 22. a3 Ba6 23. Bf3 Bb5 24. Rd4 Kh8 25. Rh4 Bd3 26. Bd1 Bb5 27. Bc2 h6 28. Rxh6+ Kg8 29. Rxf6 gxf6 30. Qxf6 Rxd6 31. cxd6 Qd8 32. Qh6 1-0

[Event "CAN-ch"]
[Site "Montreal CAN"]
[Date "2017.06.28"]
[Round "3.13"]
[White "Masse, Hugues"]
[Black "Durette, Francis"]
[Result "1/2-1/2"]
[WhiteElo "2138"]
[BlackElo "2028"]
[WhiteFideId "-1"]
[WhiteFideId "-1"]
[PlyCount "67"]
[GameId "2160767908410861"]
[EventDate "2017.06.27"]
[EventType "swiss"]
[EventRounds "9"]
[EventCountry "CAN"]

1. Nf3 Nf6 2. c4 g6 3. b4 Bg7 4. Bb2 d6 5. g3 b6 6. Bg2 Bb7 7. O-O O-O 8. d3 Na6 9. Qb3 c5 10. b5 Nc7 11. a4 a5 12. bxa6 Rxa6 13. e4 Qd7 14. Nc3 Rfa8 15. Ne1 Nh5 16. Nc2 Bc6 17. Ra3 Bxa4 18. Nxa4 Rxa4 19. Qxb6 Rxa3 20. Nxa3 Bxb2 21. Qxb2 Na6 22. Nc2 Rb8 23. Qc3 Nb4 24. Rb1 Qa4 25. Qb3 Qxb3 26. Rxb3 Nf6 27. Bh3 e6 28. Na3 Ne8 29. Nb5 Ra8 30. Bf1 Nc2 31. Rb2 Nb4 32. Rb3 Nc2 33. Rb2 Nb4 34. Rb3 1/2-1/2

[Event "CAN-ch"]
[Site "Montreal CAN"]
[Date "2017.06.28"]
[Round "4.6"]
[White "Clyde, Jordan"]
[Black "Itkin, David"]
[Result "0-1"]
[WhiteElo "2173"]
[BlackElo "2147"]
[WhiteFideId "-1"]
[WhiteFideId "-1"]
[PlyCount "70"]
[GameId "2160767908410867"]
[EventDate "2017.06.27"]
[EventType "swiss"]
[EventRounds "9"]
[EventCountry "CAN"]

1. e4 c5 2. Nc3 Nc6 3. Bb5 Nd4 4. Bc4 d6 5. Nge2 Nf6 6. d3 Nc6 7. O-O e6 8. f4 Be7 9. Bb3 a6 10. a4 Bd7 11. Qe1 Na5 12. Ba2 b5 13. e5 dxe5 14. fxe5 Ng4 15. Qg3 h5 16. h3 Bh4 17. Qf4 Nh6 18. Qf3 Bc6 19. Ne4 Bxe4 20. dxe4 Qe7 21. Qxh5 g6 22. Qf3 Nc6 23. Qf4 Qd8 24. Be3 Be7 25. Qf2 Nxe5 26. Bxh6 Rxh6 27. Qf4 Rh5 28. g4 Bg5 29. Qg3 Bh4 30. Qh2 Qg5 31. Nf4 Rh8 32. Ng2 Rd8 33. axb5 axb5 34. b4 Nxg4 35. hxg4 Bf2+ 0-1

[Event "CAN-ch"]
[Site "Montreal CAN"]
[Date "2017.06.28"]
[Round "4.9"]
[White "Kleinman, Michael"]
[Black "Sohal, Tanraj"]
[Result "0-1"]
[WhiteElo "2344"]
[BlackElo "2319"]
[WhiteFideId "-1"]
[WhiteFideId "-1"]
[PlyCount "111"]
[GameId "2160767908410870"]
[EventDate "2017.06.27"]
[EventType "swiss"]
[EventRounds "9"]
[EventCountry "CAN"]

1. e4 c5 2. Nf3 e6 3. b3 Nc6 4. Bb2 a6 5. c4 d6 6. d4 cxd4 7. Nxd4 Qc7 8. Be2 Nf6 9. Nc3 Be7 10. Rc1 O-O 11. O-O Ne5 12. f4 Ng6 13. Kh1 Re8 14. Qd2 e5 15. fxe5 dxe5 16. Nf5 Bb4 17. Qe3 Bxf5 18. exf5 Bc5 19. Qg3 Nf4 20. Rfe1 Rad8 21. Rc2 Qd7 22. Nd5 Ne4 23. Qf3 Nf2+ 24. Kg1 N2d3+ 25. Kf1 Nxe1 26. Kxe1 Qxf5 27. Rc1 Qg5 28. Kf1 Nxd5 29. cxd5 Bd4 30. h4 Qxh4 31. Bxd4 exd4 32. Rc7 Re7 33. d6 Rxc7 34. dxc7 Rc8 35. Qxb7 Qf4+ 36. Kg1 Qxc7 37. Qxa6 Qc1+ 38. Kh2 Qf4+ 39. g3 Qh6+ 40. Qxh6 gxh6 41. Kg2 Rc2 42. Kf3 Rxa2 43. Bc4 Kf8 44. g4 Ke7 45. Ke4 Rd2 46. b4 Kd6 47. Bxf7 Rb2 48. Kxd4 Rxb4+ 49. Bc4 Ra4 50. Kc3 Ke5 51. Be2 Rd4 52. Kc2 Kf4 53. Kc1 Kg3 54. Kc2 Rxg4 55. Bxg4 Kxg4 56. Kd2 0-1

[Event "CAN-ch"]
[Site "Montreal CAN"]
[Date "2017.06.28"]
[Round "4.10"]
[White "Gaisinsky, Adam"]
[Black "Plotkin, Victor"]
[Result "0-1"]
[WhiteElo "1922"]
[BlackElo "2265"]
[WhiteFideId "-1"]
[WhiteFideId "-1"]
[PlyCount "124"]
[GameId "2160767908410871"]
[EventDate "2017.06.27"]
[EventType "swiss"]
[EventRounds "9"]
[EventCountry "CAN"]

1. e4 e5 2. Nf3 Nf6 3. d4 exd4 4. e5 Ne4 5. Qxd4 d5 6. exd6 Nxd6 7. Bf4 Nc6 8. Qd1 Qf6 9. Qc1 Bf5 10. Be2 h6 11. O-O g5 12. Bg3 O-O-O 13. Nc3 Bg7 14. Bb5 Nxb5 15. Nxb5 Qxb2 16. Qxb2 Bxb2 17. Rab1 Bf6 18. Bxc7 Rd7 19. Nd6+ Kxc7 20. Nxf5 Rd5 21. Ne3 Ra5 22. a3 Rd8 23. Rfd1 Nd4 24. Nxd4 Bxd4 25. Rd3 Bxe3 26. Rxe3 b6 27. Re7+ Rd7 28. Rxd7+ Kxd7 29. Rb3 Rc5 30. Rd3+ Ke7 31. c3 Rc4 32. Kf1 Ra4 33. c4 Rxc4 34. Ke2 Rh4 35. h3 Re4+ 36. Kf3 Ra4 37. Ke3 Ke6 38. g3 Ke5 39. f3 f5 40. Ke2 b5 41. Rb3 a6 42. Kd3 Kd5 43. Kc3 f4 44. g4 Rc4+ 45. Kd3 Rc1 46. a4 Re1 47. Kd2 Re3 48. Rb1 Kc5 49. axb5 axb5 50. Rc1+ Kb6 51. Rf1 b4 52. Kc2 b3+ 53. Kb2 Kb5 54. Rf2 Kc4 55. Ka3 Kc3 56. Rb2 Kc4 57. Rf2 Re6 58. Kb2 Ra6 59. Kb1 Kc3 60. Re2 Rd6 61. Re1 b2 62. Rg1 Ra6 0-1

[Event "CAN-ch"]
[Site "Montreal CAN"]
[Date "2017.06.28"]
[Round "4.11"]
[White "Chabot, Roland"]
[Black "Ostaci, Liviu"]
[Result "1/2-1/2"]
[WhiteElo "2144"]
[BlackElo "1624"]
[WhiteFideId "-1"]
[WhiteFideId "-1"]
[PlyCount "185"]
[GameId "2160767908410872"]
[EventDate "2017.06.27"]
[EventType "swiss"]
[EventRounds "9"]
[EventCountry "CAN"]

1. d4 d6 2. Nf3 Nf6 3. c4 g6 4. Nc3 Bg7 5. e4 O-O 6. h3 Nbd7 7. e5 Ne8 8. e6 fxe6 9. Ng5 Nb8 10. Be3 c6 11. h4 Na6 12. Qd2 Nf6 13. Be2 c5 14. O-O-O cxd4 15. Bxd4 Qa5 16. f3 Nb4 17. a3 Nc6 18. Be3 Bd7 19. Kb1 a6 20. g4 Rab8 21. Nge4 Nxe4 22. Nxe4 Qxd2 23. Rxd2 Ne5 24. f4 Bc6 25. Ng3 Bxh1 26. Nxh1 Nc6 27. Ng3 Rbc8 28. b4 Rfd8 29. Bb6 Rf8 30. Be3 e5 31. f5 Nd4 32. Bd3 gxf5 33. gxf5 Kh8 34. Bxd4 exd4 35. Ne4 Be5 36. Ng5 h6 37. Ne6 Rg8 38. c5 a5 39. cxd6 Bxd6 40. bxa5 Bxa3 41. Be4 Rg4 42. Bxb7 Rg1+ 43. Ka2 Bb4 44. Rb2 Bxa5 45. Bf3 Rcg8 46. Rb5 Bc3 47. Be4 Re1 48. Bd3 Rg2+ 49. Kb3 Rb2+ 50. Kc4 Rxb5 51. Kxb5 Kg8 52. Nf4 Kf8 53. Kc5 Re5+ 54. Kc6 Ke8 55. Kb6 Kd8 56. h5 Ke8 57. Bb5+ Kf7 58. Bd3 Kf6 59. Ng6 Rxf5 60. Bxf5 Kxf5 61. Nxe7+ Kg5 62. Nd5 Kxh5 63. Kc5 Kg5 64. Kc4 Kg4 65. Kd3 h5 66. Ke2 Kg3 67. Kf1 Ba5 68. Nf6 Kf3 69. Nd7 h4 70. Kg1 Ke2 71. Ne5 Bb6 72. Kg2 Bc7 73. Nc4 Kd3 74. Nb2+ Kc2 75. Nc4 Bg3 76. Kf3 Kc3 77. Ne3 Kd2 78. Nf5 d3 79. Ne3 Ke1 80. Ng2+ Kf1 81. Ne3+ Kg1 82. Nc4 Be1 83. Kg4 Kg2 84. Ne3+ Kf2 85. Nd5 Ke2 86. Kh3 Bg3 87. Kg2 Bf2 88. Kh3 Kf1 89. Kh2 Bg3+ 90. Kh3 Ke2 91. Kg2 Be1 92. Kh3 Bg3 93. Kg2 1/2-1/2

[Event "CAN-ch"]
[Site "Montreal CAN"]
[Date "2017.06.28"]
[Round "4.12"]
[White "Mills, Morgon"]
[Black "Masse, Hugues"]
[Result "1/2-1/2"]
[WhiteElo "2011"]
[BlackElo "2138"]
[WhiteFideId "-1"]
[WhiteFideId "-1"]
[PlyCount "65"]
[GameId "2160767908410873"]
[EventDate "2017.06.27"]
[EventType "swiss"]
[EventRounds "9"]
[EventCountry "CAN"]

1. e4 e5 2. Nf3 Nc6 3. Nc3 Nf6 4. Bb5 Nd4 5. Ba4 Bc5 6. d3 O-O 7. Bg5 h6 8. Bh4 d6 9. Nxd4 Bxd4 10. Qd2 c6 11. Bb3 a5 12. a4 Be6 13. Bxe6 fxe6 14. Nd1 Qe8 15. c3 Ba7 16. Bxf6 Rxf6 17. O-O Qg6 18. b4 axb4 19. cxb4 Raf8 20. Rb1 Bd4 21. b5 cxb5 22. Rxb5 b6 23. a5 bxa5 24. Rxa5 Rf4 25. Kh1 Rh4 26. Qa2 d5 27. Ra8 dxe4 28. g3 Rh5 29. Rxf8+ Kxf8 30. Qa8+ Kf7 31. Qxe4 Qxe4+ 32. dxe4 Rg5 33. Kg2 1/2-1/2

[Event "CAN-ch"]
[Site "Montreal CAN"]
[Date "2017.06.28"]
[Round "4.14"]
[White "Durette, Francis"]
[Black "Marin, Sam"]
[Result "1-0"]
[WhiteElo "2028"]
[BlackElo "1921"]
[WhiteFideId "-1"]
[WhiteFideId "-1"]
[PlyCount "79"]
[GameId "2160767908410875"]
[EventDate "2017.06.27"]
[EventType "swiss"]
[EventRounds "9"]
[EventCountry "CAN"]

1. e4 c5 2. Nf3 Nc6 3. d4 cxd4 4. Nxd4 Nf6 5. Nc3 e5 6. Ndb5 d6 7. Bg5 a6 8. Na3 b5 9. Nd5 Be7 10. Bxf6 Bxf6 11. c4 O-O 12. cxb5 Nd4 13. bxa6 Be6 14. Bc4 Bxd5 15. Bxd5 Rxa6 16. O-O Bg5 17. Nc2 Ne6 18. b4 Kh8 19. b5 Ra4 20. Ne3 Nc5 21. Rc1 Ra3 22. Qe2 Ne6 23. Qb2 Rxe3 24. fxe3 Bxe3+ 25. Kh1 Bxc1 26. Qxc1 Nd4 27. a4 f6 28. Qc4 Qa5 29. Rc1 h6 30. Qc7 Qxc7 31. Rxc7 Rb8 32. Bb7 Kh7 33. Ba6 Ne6 34. Rc8 Rxc8 35. Bxc8 Nd4 36. b6 Nc6 37. Bd7 Na5 38. Bc8 Nc6 39. Bb7 Na5 40. Bd5 1-0

[Event "CAN-ch"]
[Site "Montreal CAN"]
[Date "2017.06.29"]
[Round "5"]
[White "Sohal, Tanraj"]
[Black "Song, Ziyuan"]
[Result "1/2-1/2"]
[WhiteElo "2319"]
[BlackElo "2182"]
[WhiteFideId "-1"]
[WhiteFideId "-1"]
[PlyCount "43"]
[GameId "2160767908410876"]
[EventDate "2017.06.27"]
[EventType "swiss"]
[EventRounds "9"]
[EventCountry "CAN"]
[SourceTitle "CBM 179 Extra"]
[Source "ChessBase"]
[SourceDate "2017.08.23"]
[SourceVersion "1"]
[SourceVersionDate "2017.08.23"]
[SourceQuality "1"]

1. d4 Nf6 2. c4 e6 3. Nf3 Nc6 4. a3 h6 5. e3 d6 6. b4 a5 7. b5 Ne7 8. Bd3 b6 9. O-O g6 10. Nbd2 Bg7 11. Bb2 Nd7 12. Qc2 Bb7 13. c5 Bxf3 14. cxd6 cxd6 15. Nxf3 Rc8 16. Qb3 O-O 17. Rac1 Rxc1 18. Rxc1 Qb8 19. h4 Rc8 20. Rxc8+ Qxc8 21. Bb1 d5 22. Qd3 1/2-1/2

[Event "CAN-ch"]
[Site "Montreal CAN"]
[Date "2017.06.29"]
[Round "5.2"]
[White "Itkin, David"]
[Black "Sambuev, Bator"]
[Result "0-1"]
[WhiteElo "2147"]
[BlackElo "2539"]
[WhiteFideId "-1"]
[WhiteFideId "-1"]
[PlyCount "104"]
[GameId "2160767908410879"]
[EventDate "2017.06.27"]
[EventType "swiss"]
[EventRounds "9"]
[EventCountry "CAN"]

1. e4 e6 2. d4 d5 3. Nc3 Bb4 4. exd5 exd5 5. Bd3 Nc6 6. a3 Bxc3+ 7. bxc3 Nge7 8. Qf3 Be6 9. Rb1 b6 10. Ne2 Qd7 11. h3 O-O-O 12. Ng3 f6 13. O-O h5 14. Re1 h4 15. Nh5 Rdg8 16. Nf4 Bf7 17. Ba6+ Kd8 18. Bb5 Nf5 19. a4 Re8 20. Ba3 Nd6 21. Bxd6 Qxd6 22. Nd3 Rxe1+ 23. Rxe1 Ne7 24. Ne5 Be6 25. Ng4 c6 26. Bd3 Bf7 27. Ne3 Bh5 28. Nf5 Nxf5 29. Qxf5 Bf7 30. f4 Qd7 31. Kf2 Qxf5 32. Bxf5 Re8 33. Rb1 Kc7 34. Bd3 a5 35. Kf3 Bh5+ 36. Kf2 Re7 37. Rb3 Be8 38. Rb1 Bd7 39. Kf3 Re8 40. Kf2 b5 41. Ra1 bxa4 42. c4 dxc4 43. Bxc4 Re4 44. c3 c5 45. Bd5 Rxf4+ 46. Ke3 Rf5 47. c4 Kd6 48. Be4 cxd4+ 49. Kxd4 Rf4 50. c5+ Kc7 51. Ke3 g5 52. Rb1 Bc6 0-1

[Event "CAN-ch"]
[Site "Montreal CAN"]
[Date "2017.06.29"]
[Round "5.4"]
[White "Yu, Zong Yang"]
[Black "Beaulieu, Eric"]
[Result "1-0"]
[WhiteElo "2393"]
[BlackElo "2124"]
[WhiteFideId "-1"]
[WhiteFideId "-1"]
[PlyCount "133"]
[GameId "2160767908410881"]
[EventDate "2017.06.27"]
[EventType "swiss"]
[EventRounds "9"]
[EventCountry "CAN"]

1. Nf3 Nf6 2. c4 c5 3. Nc3 e6 4. g3 b6 5. Bg2 Bb7 6. O-O Be7 7. d4 Ne4 8. Bd2 O-O 9. d5 exd5 10. cxd5 Nxc3 11. Bxc3 d6 12. b4 Nd7 13. bxc5 bxc5 14. Rb1 Ba6 15. Re1 Bf6 16. Bxf6 Nxf6 17. Qa4 Bc8 18. Nd2 a5 19. Nc4 Ba6 20. Nb6 Ra7 21. Qxa5 Re8 22. e3 Qc7 23. Qd2 Rb8 24. Na4 Rxb1 25. Rxb1 Bc4 26. Nc3 h6 27. Bf1 Bxf1 28. Kxf1 Qa5 29. Rb8+ Kh7 30. Qc2+ g6 31. Kg2 Nd7 32. Rb5 Qa6 33. Qb3 Ne5 34. a4 Qc8 35. Qd1 h5 36. h3 Qf5 37. Rb8 Nd3 38. Qe2 c4 39. Qd2 Kg7 40. Rb5 Kh7 41. a5 g5 42. e4 Qf6 43. Qe3 Re7 44. Nb1 Nc5 45. Qf3 Qg6 46. Nc3 Nxe4 47. Nxe4 Qxe4 48. Qxe4+ Rxe4 49. Rb4 Re5 50. a6 c3 51. a7 c2 52. Rc4 Re8 53. Rxc2 g4 54. Rc7 Kg7 55. Rd7 Ra8 56. hxg4 hxg4 57. Kf1 Kf6 58. Rxd6+ Ke5 59. Rd7 f5 60. Ke2 Ke4 61. Re7+ Kxd5 62. Ke3 Kd6 63. Rf7 Ke5 64. Re7+ Kd6 65. Rb7 Ke5 66. Rb5+ Ke6 67. Ra5 1-0

[Event "CAN-ch"]
[Site "Montreal CAN"]
[Date "2017.06.29"]
[Round "5.7"]
[White "Tomb, Maroun"]
[Black "Clyde, Jordan"]
[Result "0-1"]
[WhiteElo "2157"]
[BlackElo "2173"]
[WhiteFideId "-1"]
[WhiteFideId "-1"]
[PlyCount "112"]
[GameId "2160767908410883"]
[EventDate "2017.06.27"]
[EventType "swiss"]
[EventRounds "9"]
[EventCountry "CAN"]

1. d4 Nf6 2. Nf3 e6 3. Bf4 d5 4. e3 Bd6 5. Bd3 O-O 6. Nbd2 c5 7. c3 Bxf4 8. exf4 cxd4 9. Nxd4 Qd6 10. g3 Nbd7 11. N2f3 a6 12. O-O b5 13. a3 Nc5 14. Bc2 Nfe4 15. Nb3 f6 16. Re1 Nxb3 17. Bxb3 Nc5 18. Ba2 Bb7 19. Qd4 Rae8 20. Re2 Re7 21. Rae1 Rfe8 22. Bb1 Nd7 23. a4 e5 24. fxe5 Nxe5 25. Nxe5 fxe5 26. Qh4 g6 27. axb5 axb5 28. Qg5 Kg7 29. h4 h6 30. Qd2 Qf6 31. Qd3 b4 32. h5 e4 33. Qd4 Qxd4 34. cxd4 Ba6 35. Re3 gxh5 36. f3 Bb7 37. Rb3 exf3 38. Rxe7+ Rxe7 39. Kf2 Bc8 40. Kxf3 Rb7 41. Kf4 Kf6 42. Bd3 Bg4 43. Bf1 Ke6 44. Bg2 Kd6 45. Ke3 Bd1 46. Rd3 Bc2 47. Rd2 Rc7 48. Kf2 b3 49. Re2 Ra7 50. Ke1 Ra1+ 51. Kd2 Rd1+ 52. Ke3 Rd3+ 53. Kf2 Rxd4 54. Bf3 h4 55. gxh4 Be4 56. Ke3 Ke5 0-1

[Event "CAN-ch"]
[Site "Montreal CAN"]
[Date "2017.06.29"]
[Round "5.8"]
[White "Plotkin, Victor"]
[Black "Huang, Qiuyu"]
[Result "1/2-1/2"]
[WhiteElo "2265"]
[BlackElo "2034"]
[WhiteFideId "-1"]
[WhiteFideId "-1"]
[PlyCount "80"]
[GameId "2160767908410884"]
[EventDate "2017.06.27"]
[EventType "swiss"]
[EventRounds "9"]
[EventCountry "CAN"]

1. e4 c5 2. c3 d5 3. exd5 Qxd5 4. d4 Nc6 5. Nf3 Bg4 6. Be2 e6 7. h3 Bh5 8. Be3 cxd4 9. cxd4 Nf6 10. Nc3 Qd6 11. Qb3 Be7 12. O-O O-O 13. Rfd1 Nb4 14. Nb5 Qd8 15. Bf4 Nfd5 16. Bh2 a5 17. a4 Bg6 18. Rdc1 Rc8 19. Rxc8 Qxc8 20. Qd1 Qc2 21. Qxc2 Bxc2 22. Nd6 Bxd6 23. Bxd6 Rd8 24. Bg3 h6 25. Bb5 Rc8 26. Ne5 Bb3 27. Nd3 b6 28. Nxb4 Nxb4 29. Ra3 Rc1+ 30. Kh2 Bc4 31. Bf4 Rc2 32. Bxc4 Rxc4 33. Be3 Nd5 34. Kg3 Rc2 35. Rb3 Rc4 36. Ra3 Kf8 37. Kf3 Ke7 38. Ke4 Kd6 39. Kd3 Rc8 40. Bd2 f5 1/2-1/2